[Event "San Sebastian de los Reyes op 16th"]
[Site "San Sebastian"]
[Date "2014.12.02"]
[Round "3"]
[White "Benito Mellado, Humberto"]
[Black "Guillo Sanchez Galiano, Ernesto"]
[Result "1-0"]
[WhiteElo "1500"]
[BlackElo "1165"]
[PlyCount "67"]
[EventDate "2014.11.30"]
[EventType "swiss"]
[EventRounds "9"]
[EventCountry "ESP"]
[SourceTitle "CBM 163 Extra"]
[Source "ChessBase"]
[SourceDate "2014.12.23"]
[SourceVersion "1"]
[SourceVersionDate "2014.12.23"]
[SourceQuality "1"]

1. d4 Nf6 2. c4 g6 3. g3 Bg7 4. Nf3 0-0 5. Bg2 d6 6. 0-0 Bg4 7. Nbd2 Bxf3 8. Nxf3 c5 9. Re1 Nc6 10. dxc5 dxc5 11. Qb3 Qc7 12. Bf4 e5 13. Be3 b6 14. Rad1 Rad8 15. Ng5 Nd4 16. Bxd4 exd4 17. e3 h6 18. Nf3 dxe3 19. Rxe3 Rxd1+ 20. Qxd1 Rd8 21. Qe2 Ng4 22. Re7 Rd1+ 23. Ne1 Rxe1+ 24. Qxe1 Qd6 25. Bd5 Qf6 26. Rxf7 Qxb2 27. Rf4+ Kh7 28. Rxg4 h5 29. Rh4 Qxa2 30. Qe4 Kh6 31. Bf7 Qa1+ 32. Kg2 Qf6 33. Qf4+ g5 34. Rxh5# 1-0

[Event "Madrid-ch Previa-A"]
[Site "Madrid"]
[Date "2014.02.17"]
[Round "7"]
[White "Cortijo Manso, Luis"]
[Black "Benito Mellado, Humberto"]
[Result "1-0"]
[WhiteElo "1554"]
[BlackElo "1522"]
[PlyCount "85"]
[EventDate "2014.02.03"]
[EventType "swiss"]
[EventRounds "9"]
[EventCountry "ESP"]
[SourceTitle "EXT 2015"]
[Source "ChessBase"]
[SourceDate "2014.11.20"]
[SourceVersion "1"]
[SourceVersionDate "2014.11.20"]
[SourceQuality "1"]

1. d4 d5 2. c4 Nf6 3. Nf3 Bg4 4. Nbd2 dxc4 5. g3 e6 6. Bg2 Nc6 7. e3 Na5 8. 0-0 c6 9. Qc2 Qc7 10. Ne5 Bf5 11. e4 Bg4 12. Nxg4 Nxg4 13. Nxc4 c5 14. Bf4 Qd8 15. h3 Nxc4 16. Qxc4 Nh6 17. dxc5 Be7 18. Rad1 Qc8 19. Qb5+ Qc6 20. Qxc6+ bxc6 21. Bd6 Bxd6 22. Rxd6 Rc8 23. e5 Nf5 24. Rxc6 0-0 25. Rxc8 Rxc8 26. Rc1 Kf8 27. b4 Nd4 28. Kf1 Ke7 29. c6 Nb5 30. a4 Nc7 31. Ke2 Rd8 32. Rd1 Rxd1 33. Kxd1 Na6 34. b5 Nc5 35. a5 Kd8 36. Kc2 Kc7 37. Kc3 f6 38. f4 fxe5 39. fxe5 g6 40. Kc4 Na4 41. h4 h6 42. Bh3 Nb2+ 43. Kd4 1-0

[Event "San Sebastian de los Reyes op 15th"]
[Site "San Sebastian"]
[Date "2013.12.08"]
[Round "9"]
[White "Benito Mellado, Humberto"]
[Black "Gomez Escurin, Jose Manuel"]
[Result "0-1"]
[WhiteElo "1542"]
[BlackElo "1301"]
[PlyCount "66"]
[EventDate "2013.11.30"]
[EventType "swiss"]
[EventRounds "9"]
[EventCountry "ESP"]
[SourceTitle "CBM 157 Extra"]
[Source "ChessBase"]
[SourceDate "2013.12.19"]
[SourceVersion "1"]
[SourceVersionDate "2013.12.19"]
[SourceQuality "1"]

1. d4 e6 2. c4 Nf6 3. Nc3 c6 4. Bg5 d5 5. e3 Nbd7 6. Nf3 Be7 7. Bd3 0-0 8. 0-0 Qc7 9. Qc2 Bd6 10. c5 Be7 11. Bxh7+ Nxh7 12. Bxe7 Re8 13. Bd6 Qd8 14. Ne2 Ndf6 15. Nd2 b6 16. Qd3 a5 17. Rfe1 Ba6 18. Qc2 Bxe2 19. Rxe2 bxc5 20. dxc5 Ng5 21. f3 e5 22. e4 Ne6 23. exd5 Nd4 24. Qd1 Nxe2+ 25. Qxe2 cxd5 26. Bxe5 Qe7 27. f4 Qxc5+ 28. Kh1 Rac8 29. h3 Nd7 30. Nf3 f6 31. Bd4 Rxe2 32. Bxc5 Nxc5 33. Nd4 Rxb2 0-1

[Event "San Sebastian de los Reyes op 15th"]
[Site "San Sebastian"]
[Date "2013.12.03"]
[Round "4"]
[White "Benito Mellado, Humberto"]
[Black "Hernandez Ramos, David"]
[Result "0-1"]
[WhiteElo "1542"]
[BlackElo "1753"]
[PlyCount "42"]
[EventDate "2013.11.30"]
[EventType "swiss"]
[EventRounds "9"]
[EventCountry "ESP"]
[SourceTitle "CBM 157 Extra"]
[Source "ChessBase"]
[SourceDate "2013.12.19"]
[SourceVersion "1"]
[SourceVersionDate "2013.12.19"]
[SourceQuality "1"]

1. d4 Nf6 2. c4 g6 3. g3 Bg7 4. Bg2 d5 5. cxd5 Nxd5 6. Nc3 Nxc3 7. bxc3 0-0 8. e4 c5 9. Ne2 cxd4 10. cxd4 Nc6 11. Bb2 Qb6 12. Qd2 Rd8 13. 0-0-0 Na5 14. Qc2 Bd7 15. Kb1 Rac8 16. Qd3 Bb5 17. Qd2 Nc4 18. Qb4 Nxb2 19. Qxb2 Bxe2 20. Qxb6 axb6 21. Rd2 Rxd4 0-1

[Event "Madrid-ch Previa-A"]
[Site "Madrid"]
[Date "2013.02.18"]
[Round "7"]
[White "Prieto Saiz, Carlos Francisco"]
[Black "Benito Mellado, Humberto"]
[Result "1-0"]
[WhiteElo "1740"]
[BlackElo "1585"]
[PlyCount "41"]
[EventDate "2013.02.04"]
[EventType "swiss"]
[EventRounds "9"]
[EventCountry "ESP"]
[SourceTitle "EXT 2018"]
[Source "ChessBase"]
[SourceDate "2017.10.13"]
[SourceVersion "1"]
[SourceVersionDate "2017.10.13"]
[SourceQuality "1"]

1. d4 d5 2. c4 c6 3. Nc3 Nf6 4. Nf3 Bg4 5. e3 e6 6. cxd5 Nxd5 7. Be2 Bd6 8. 0-0 Nd7 9. e4 Nf4 10. Bxf4 Bxf4 11. e5 Bxf3 12. Bxf3 f6 13. g3 Bh6 14. Bh5+ g6 15. Re1 Bg7 16. exf6 Bxf6 17. Rxe6+ Kf7 18. Bg4 h5 19. Bh3 Qb6 20. Rd6 Nf8 21. Qf3 1-0

[Event "Madrid-ch Previa-A"]
[Site "Madrid"]
[Date "2013.02.11"]
[Round "4"]
[White "Olano Lanchas, Dionisio"]
[Black "Benito Mellado, Humberto"]
[Result "1-0"]
[WhiteElo "1759"]
[BlackElo "1585"]
[PlyCount "85"]
[EventDate "2013.02.04"]
[EventType "swiss"]
[EventRounds "9"]
[EventCountry "ESP"]
[SourceTitle "EXT 2015"]
[Source "ChessBase"]
[SourceDate "2014.11.20"]
[SourceVersion "1"]
[SourceVersionDate "2014.11.20"]
[SourceQuality "1"]

1. e4 c5 2. Nc3 Nc6 3. a3 e5 4. Nf3 Nf6 5. Bc4 h6 6. 0-0 d6 7. h3 Na5 8. Ba2 c4 9. d3 Be6 10. d4 exd4 11. Nxd4 Bd7 12. Qe2 Rc8 13. Bf4 Be7 14. Rfd1 0-0 15. Qf3 a6 16. Nf5 Bxf5 17. exf5 b5 18. Rd4 Nc6 19. Rd2 Qc7 20. Rad1 Rfd8 21. g4 Bf8 22. g5 hxg5 23. Bxg5 Ne5 24. Qg2 Qc6 25. Nd5 Ned7 26. Bxf6 Nxf6 27. Nxf6+ Kh8 28. Nd5 Re8 29. Rd4 Be7 30. Qg4 Kg8 31. f6 Bf8 32. Ne7+ Rxe7 33. fxe7 Bxe7 34. Qf5 g6 35. Qd5 Qd7 36. Rf4 Rf8 37. Rg4 Kh7 38. Re1 f5 39. Rg3 Bh4 40. Rge3 f4 41. Re6 Rf5 42. Qxd6 Qa7 43. Re7+ 1-0

[Event "San Sebastian de los Reyes op 14th"]
[Site "San Sebastian"]
[Date "2012.12.06"]
[Round "6"]
[White "Benito Mellado, Humberto"]
[Black "Bachiller Corral, Jose Maria"]
[Result "1-0"]
[WhiteElo "1586"]
[BlackElo "1366"]
[PlyCount "77"]
[EventDate "2012.12.01"]
[EventType "swiss"]
[EventRounds "9"]
[EventCountry "ESP"]
[SourceTitle "CBM 151 Extra"]
[Source "ChessBase"]
[SourceDate "2012.12.18"]
[SourceVersion "1"]
[SourceVersionDate "2012.12.18"]
[SourceQuality "1"]

1. d4 d5 2. c4 e6 3. Nc3 Nf6 4. Bg5 Be7 5. Nf3 Ne4 6. Bxe7 Qxe7 7. cxd5 Nxc3 8. bxc3 exd5 9. e3 0-0 10. Bd3 Nd7 11. 0-0 Nf6 12. Ne5 Be6 13. c4 c5 14. cxd5 Bxd5 15. Bc4 Rad8 16. Bxd5 Rxd5 17. Nf3 Ne4 18. Qb3 Rh5 19. d5 Rd8 20. Rfd1 Ng5 21. Nxg5 Rxg5 22. f3 b6 23. e4 Rh5 24. Rd2 Qh4 25. g4 Re5 26. Rad1 Rd6 27. Qe3 h5 28. gxh5 Rg5+ 29. Rg2 Rxg2+ 30. Kxg2 Qxh5 31. Qf4 Rg6+ 32. Kh1 Rh6 33. d6 Qh4 34. Qxh4 Rxh4 35. d7 Kh7 36. d8Q Rf4 37. Qg5 Rxf3 38. Qh5+ Kg8 39. Rd8# 1-0

[Event "Tres Cantos op 4th"]
[Site "Tres Cantos"]
[Date "2012.06.29"]
[Round "9"]
[White "Yeves Miquel, Enrique"]
[Black "Benito Mellado, Humberto"]
[Result "1-0"]
[WhiteElo "1748"]
[BlackElo "1592"]
[PlyCount "49"]
[EventDate "2012.06.21"]
[EventType "swiss"]
[EventRounds "9"]
[EventCountry "ESP"]
[SourceTitle "CBM 149 Extra"]
[Source "ChessBase"]
[SourceDate "2012.08.24"]
[SourceVersion "1"]
[SourceVersionDate "2012.08.24"]
[SourceQuality "1"]

1. d4 d5 2. c4 c6 3. Nc3 Nf6 4. e3 Bg4 5. f3 Bh5 6. cxd5 Nxd5 7. e4 Nxc3 8. bxc3 e6 9. Bf4 Bd6 10. Bxd6 Qxd6 11. Qb3 b6 12. e5 Qd5 13. Bc4 Qa5 14. Ne2 b5 15. Bd3 Nd7 16. 0-0 a6 17. Ng3 Bg6 18. Bxg6 hxg6 19. Ne4 Qb6 20. Nd6+ Ke7 21. Kh1 c5 22. Rfd1 cxd4 23. cxd4 Rh4 24. Qb4 Qc6 25. Nf5+ 1-0

[Event "Madrid-ch Previa-A"]
[Site "Madrid"]
[Date "2012.02.22"]
[Round "9"]
[White "Jara Sanchez, Carlos"]
[Black "Benito Mellado, Humberto"]
[Result "1/2-1/2"]
[WhiteElo "1748"]
[BlackElo "1603"]
[PlyCount "67"]
[EventDate "2012.02.06"]
[EventType "swiss"]
[EventRounds "9"]
[EventCountry "ESP"]
[SourceTitle "CBM 147 Extra"]
[Source "ChessBase"]
[SourceDate "2012.04.24"]
[SourceVersion "1"]
[SourceVersionDate "2012.04.24"]
[SourceQuality "1"]

1. e4 c5 2. Nf3 d6 3. d4 cxd4 4. Nxd4 Nf6 5. Nc3 a6 6. Bc4 b5 7. Bb3 e5 8. Nde2 Bb7 9. Ng3 Nc6 10. Be3 Rc8 11. a4 Na5 12. axb5 axb5 13. Nd5 Nxb3 14. Bb6 Qd7 15. Nxf6+ gxf6 16. cxb3 Qc6 17. Ba5 Rg8 18. Qe2 f5 19. 0-0 f4 20. Rac1 Qa6 21. Rxc8+ Bxc8 22. Nh5 Rg5 23. Nf6+ Ke7 24. Nd5+ Kd7 25. Bb4 Bb7 26. Nf6+ Ke6 27. Nxh7 Rg8 28. Nxf8+ Rxf8 29. Rd1 Rd8 30. Qg4+ Ke7 31. Qg5+ f6 32. Qg7+ Ke6 33. Qc7 Rd7 34. Qc2 1/2-1/2

[Event "Tres Cantos op 3rd"]
[Site "Tres Cantos"]
[Date "2011.06.30"]
[Round "9"]
[White "Benito Mellado, Humberto"]
[Black "Diaz Begonte, Manuel"]
[Result "0-1"]
[WhiteElo "1625"]
[BlackElo "1774"]
[PlyCount "100"]
[EventDate "2011.06.22"]
[EventType "swiss"]
[EventRounds "9"]
[EventCountry "ESP"]
[SourceTitle "EXT 2012"]
[Source "ChessBase"]
[SourceDate "2011.11.24"]
[SourceVersion "1"]
[SourceVersionDate "2011.11.24"]
[SourceQuality "1"]

1. d4 c6 2. c4 d5 3. Nc3 dxc4 4. e4 b5 5. Nf3 Nf6 6. e5 Nd5 7. a4 b4 8. Ne4 e6 9. Bxc4 Nd7 10. 0-0 a5 11. Bg5 Qc7 12. Rc1 N7b6 13. Be2 h6 14. Bd2 Bb7 15. Nh4 Be7 16. Nf3 Rd8 17. Qc2 Rc8 18. Rfd1 g5 19. h3 Rg8 20. Nh2 Nf4 21. Bxf4 gxf4 22. Ng4 Nd5 23. Nef6+ Bxf6 24. exf6 Rg6 25. Ne5 Rxf6 26. Qh7 Qe7 27. Qh8+ Qf8 28. Qxf8+ Kxf8 29. Nd7+ Ke7 30. Nxf6 Kxf6 31. Rc5 Ra8 32. Rf1 Ke7 33. Re1 Kd6 34. Bh5 f6 35. Bf7 e5 36. Rcc1 Rf8 37. Bxd5 cxd5 38. Red1 e4 39. f3 e3 40. Kf1 Ba6+ 41. Kg1 Bc4 42. Re1 b3 43. Kh2 Rg8 44. Rg1 Rg3 45. Rge1 h5 46. Rxe3 Rg8 47. Re5 fxe5 48. Rd1 e4 49. g4 hxg4 50. fxg4 e3 0-1

[Event "Madrid Villaverde op 14th"]
[Site "Madrid"]
[Date "2011.04.12"]
[Round "6"]
[White "Benito Mellado, Humberto"]
[Black "Perez Cameselle, Francisco Jose"]
[Result "0-1"]
[WhiteElo "1619"]
[BlackElo "1907"]
[PlyCount "46"]
[EventDate "2011.04.04"]
[EventType "swiss"]
[EventRounds "8"]
[EventCountry "ESP"]
[SourceTitle "EXT 2012"]
[Source "ChessBase"]
[SourceDate "2011.11.24"]
[SourceVersion "1"]
[SourceVersionDate "2011.11.24"]
[SourceQuality "1"]

1. d4 f5 2. Nf3 Nf6 3. g3 b6 4. Bg2 Bb7 5. 0-0 e6 6. Nh4 Bxg2 7. Nxg2 Be7 8. Bg5 Ne4 9. Bxe7 Qxe7 10. Nd2 d5 11. c3 0-0 12. Nf3 Nd7 13. Nge1 f4 14. Nd3 fxg3 15. hxg3 h5 16. Nfe5 Nxe5 17. Nxe5 Rf6 18. e3 Rh6 19. Kg2 Qg5 20. Rh1 Rf8 21. Nf3 Qf5 22. Rh4 g5 23. Rh1 g4 0-1

[Event "Madrid Villaverde op 14th"]
[Site "Madrid"]
[Date "2011.04.04"]
[Round "1"]
[White "Fuentes Arjona, Antonio C"]
[Black "Benito Mellado, Humberto"]
[Result "1-0"]
[WhiteElo "2011"]
[BlackElo "1619"]
[PlyCount "55"]
[EventDate "2011.04.04"]
[EventType "swiss"]
[EventRounds "8"]
[EventCountry "ESP"]
[SourceTitle "EXT 2012"]
[Source "ChessBase"]
[SourceDate "2011.11.24"]
[SourceVersion "1"]
[SourceVersionDate "2011.11.24"]
[SourceQuality "1"]

1. e4 c5 2. Nf3 d6 3. d4 cxd4 4. Nxd4 Nf6 5. Nc3 a6 6. Be2 e5 7. Nb3 b5 8. a3 Bb7 9. Bg5 Be7 10. Bxf6 Bxf6 11. Nd5 Nd7 12. 0-0 0-0 13. c4 bxc4 14. Bxc4 Nb6 15. Na5 Bxd5 16. Bxd5 Nxd5 17. Qxd5 Qb6 18. b4 Qd4 19. Rad1 Qxd5 20. Rxd5 Rfd8 21. Nc4 Rf8 22. Na5 Bd8 23. Nc4 Bc7 24. Nxd6 Bxd6 25. Rxd6 Rfd8 26. Rfd1 Rxd6 27. Rxd6 Ra7 28. Rd8# 1-0

[Event "Madrid-ch Previa-A"]
[Site "Madrid"]
[Date "2009.11.16"]
[Round "7"]
[White "Benito Mellado, Humberto"]
[Black "Cortijo Manso, Luis"]
[Result "1-0"]
[WhiteElo "1636"]
[BlackElo "1628"]
[PlyCount "57"]
[EventDate "2009.11.02"]
[EventType "swiss"]
[EventRounds "9"]
[EventCountry "ESP"]
[SourceTitle "EXT 2010"]
[Source "ChessBase"]
[SourceDate "2010.11.25"]
[SourceVersion "1"]
[SourceVersionDate "2010.11.25"]
[SourceQuality "1"]

1. d4 Nf6 2. c4 g6 3. g3 Bg7 4. Bg2 d5 5. cxd5 Nxd5 6. Nc3 Nb6 7. Nf3 0-0 8. 0-0 c6 9. e4 Bg4 10. Be3 Nc4 11. Qe2 Nxe3 12. fxe3 Qc8 13. Qd3 Na6 14. a3 c5 15. e5 c4 16. Qc2 Bh6 17. Rae1 Bh3 18. Ne4 Bf5 19. Nh4 e6 20. Nxf5 gxf5 21. Nf6+ Kh8 22. e4 fxe4 23. Rxe4 Rb8 24. Rh4 Kg7 25. Rxh6 Rh8 26. Rxh7+ Rxh7 27. Qxh7+ Kf8 28. Qg8+ Ke7 29. Qxc8 1-0

[Event "Madrid-ch Previa-A"]
[Site "Madrid"]
[Date "2009.11.02"]
[Round "1"]
[White "Perez Cameselle, Francisco Jose"]
[Black "Benito Mellado, Humberto"]
[Result "1-0"]
[WhiteElo "1930"]
[BlackElo "1636"]
[PlyCount "61"]
[EventDate "2009.11.02"]
[EventType "swiss"]
[EventRounds "9"]
[EventCountry "ESP"]
[SourceTitle "EXT 2010"]
[Source "ChessBase"]
[SourceDate "2010.11.25"]
[SourceVersion "1"]
[SourceVersionDate "2010.11.25"]
[SourceQuality "1"]

1. Nf3 d5 2. b3 Nc6 3. Bb2 Bf5 4. e3 Nf6 5. Bb5 a6 6. Bxc6+ bxc6 7. 0-0 Nd7 8. d3 c5 9. c4 c6 10. Qe2 f6 11. e4 dxe4 12. dxe4 Bg4 13. h3 Bh5 14. g4 Bg6 15. e5 fxe5 16. Nxe5 Nxe5 17. Qxe5 h5 18. Re1 hxg4 19. hxg4 Qd7 20. Qe6 Bf7 21. Qxd7+ Kxd7 22. Nc3 Rh4 23. f3 Rd8 24. Rad1+ Kc7 25. Rxd8 Kxd8 26. Ne4 e6 27. Ba3 g6 28. Ng5 Ke8 29. Nxe6 Bd6 30. Nxc5+ Be7 31. Nd3 1-0

[Event "Madrid Villaverde op 11th"]
[Site "Madrid"]
[Date "2009.07.01"]
[Round "3"]
[White "Benito Mellado, Humberto"]
[Black "Tevar Sanz, Gonzalo"]
[Result "0-1"]
[WhiteElo "1652"]
[BlackElo "1845"]
[PlyCount "78"]
[EventDate "2009.06.29"]
[EventType "swiss"]
[EventRounds "9"]
[EventCountry "ESP"]
[SourceTitle "EXT 2010"]
[Source "ChessBase"]
[SourceDate "2010.11.25"]
[SourceVersion "1"]
[SourceVersionDate "2010.11.25"]
[SourceQuality "1"]

1. d4 Nf6 2. c4 c5 3. d5 b5 4. cxb5 a6 5. bxa6 Bxa6 6. g3 d6 7. Bg2 g6 8. Nc3 Bg7 9. Nf3 Nbd7 10. 0-0 Nb6 11. Re1 0-0 12. Ng5 Nc4 13. b3 Ng4 14. Qc2 Qa5 15. bxc4 Qxc3 16. Qxc3 Bxc3 17. Bf4 Bxe1 18. Rxe1 Bxc4 19. h3 Nf6 20. e4 Rxa2 21. Rc1 Bb3 22. Rc3 c4 23. e5 dxe5 24. Bxe5 Nd7 25. Bd4 Rd2 26. Nf3 Rd3 27. Rc1 Rd1+ 28. Rxd1 Bxd1 29. Bc3 Rb8 30. Nd4 Rb1 31. Kh2 Nc5 32. Nc6 Kf8 33. Bb4 Rxb4 34. Nxb4 c3 35. Na2 c2 36. Nc1 Ke8 37. Kg1 Na4 38. f4 Nc3 39. Kf2 Ne2 0-1

[Event "Tres Cantos op 1st"]
[Site "Tres Cantos"]
[Date "2009.06.13"]
[Round "8"]
[White "Cortijo Manso, Luis"]
[Black "Benito Mellado, Humberto"]
[Result "0-1"]
[WhiteElo "1696"]
[BlackElo "1652"]
[PlyCount "120"]
[EventDate "2009.06.06"]
[EventType "swiss"]
[EventRounds "9"]
[EventCountry "ESP"]
[SourceTitle "EXT 2010"]
[Source "ChessBase"]
[SourceDate "2010.11.25"]
[SourceVersion "1"]
[SourceVersionDate "2010.11.25"]
[SourceQuality "1"]

1. e4 c5 2. Nf3 d6 3. d4 cxd4 4. Nxd4 Nf6 5. Nc3 a6 6. Be3 Qa5 7. Nb3 Qe5 8. f3 e6 9. Qd2 d5 10. Bf4 Qh5 11. e5 Nfd7 12. g4 Qg6 13. Bd3 f5 14. gxf5 exf5 15. Nxd5 Ra7 16. 0-0-0 b5 17. Rdg1 Qf7 18. Ne3 g6 19. Qc3 Bb7 20. Be2 Qe6 21. Rd1 Bg7 22. Rd6 Qe7 23. Rhd1 0-0 24. Na5 Ba8 25. Qb3+ Kh8 26. Nd5 Bxd5 27. Qxd5 Bxe5 28. Bxe5+ Qxe5 29. Qd2 Qxh2 30. Qd4+ Kg8 31. Qxa7 Qxe2 32. Rxd7 Nxd7 33. Qxd7 h5 34. Nc6 Rf7 35. Qd5 Kg7 36. Qd4+ Kh7 37. Ne5 Re7 38. f4 h4 39. Qd6 Qe3+ 40. Kb1 Rg7 41. Nd7 h3 42. Nf8+ Kh6 43. Qf6 Qg3 44. Qg5+ Qxg5 45. fxg5+ Kh5 46. Ne6 Rh7 47. Nf4+ Kxg5 48. Ne6+ Kh4 49. Nd4 h2 50. Nf3+ Kg3 51. Nxh2 Rxh2 52. Rd3+ Kg4 53. b3 f4 54. Rd6 f3 55. Rxg6+ Kh3 56. Rh6+ Kg2 57. Rg6+ Kh1 58. Rd6 f2 59. Rf6 Rg2 60. Rh6+ Kg1 0-1

[Event "Tres Cantos op 1st"]
[Site "Tres Cantos"]
[Date "2009.06.06"]
[Round "1"]
[White "Benito Mellado, Humberto"]
[Black "Ruiz Quevedo, Andres"]
[Result "0-1"]
[WhiteElo "1652"]
[BlackElo "1969"]
[PlyCount "53"]
[EventDate "2009.06.06"]
[EventType "swiss"]
[EventRounds "9"]
[EventCountry "ESP"]
[SourceTitle "EXT 2010"]
[Source "ChessBase"]
[SourceDate "2010.11.25"]
[SourceVersion "1"]
[SourceVersionDate "2010.11.25"]
[SourceQuality "1"]

1. d4 Nf6 2. c4 c5 3. d5 e5 4. dxe6 fxe6 5. g3 d5 6. cxd5 exd5 7. Bg2 Be7 8. Nf3 Nc6 9. 0-0 0-0 10. b3 Bg4 11. Bb2 Qd7 12. Re1 Rad8 13. e3 Ne4 14. Nc3 Ng5 15. Qxd5+ Qxd5 16. Nxd5 Nxf3+ 17. Bxf3 Bxf3 18. Nxe7+ Nxe7 19. e4 Nc6 20. Re3 Rd2 21. Bc3 Rc2 22. e5 Bg4 23. Kg2 Rfxf2+ 24. Kg1 Rg2+ 25. Kh1 Rxh2+ 26. Kg1 Rcg2+ 27. Kf1 0-1

[Event "Madrid-ch Previa-B"]
[Site "Madrid"]
[Date "2008.11.15"]
[Round "5"]
[White "Benito Mellado, Humberto"]
[Black "De los Rios Camacho, Juan Antoni"]
[Result "0-1"]
[WhiteElo "1653"]
[BlackElo "1792"]
[PlyCount "88"]
[EventDate "2008.11.06"]
[EventType "swiss"]
[EventRounds "9"]
[EventCountry "ESP"]
[SourceTitle "CBM 127 Extra"]
[Source "ChessBase"]
[SourceDate "2009.01.08"]
[SourceVersion "2"]
[SourceVersionDate "2009.01.28"]
[SourceQuality "1"]

1. d4 Nf6 2. c4 g6 3. g3 c5 4. e3 cxd4 5. exd4 d5 6. c5 Bg7 7. Bg2 Nc6 8. Nf3 0-0 9. 0-0 b6 10. Be3 bxc5 11. dxc5 e5 12. Qd2 Ne4 13. Qc1 Rb8 14. b3 Re8 15. Rd1 f5 16. Bh6 Bh8 17. Ng5 Nd4 18. Bf1 Nxg5 19. Bxg5 Nf3+ 20. Kg2 Nxg5 21. Bc4 Be6 22. Nc3 d4 23. Bb5 Rf8 24. Ba6 Bd5+ 25. Nxd5 Qxd5+ 26. Kf1 Qh1+ 27. Ke2 Qf3+ 28. Kf1 Ne4 29. Qc2 Rbd8 30. Bd3 Qh1+ 31. Ke2 Nc3+ 32. Kd2 Qg2 33. Rf1 Bg7 34. Kc1 Kh8 35. Kb2 e4 36. Rg1 exd3 37. Qxd3 Qxf2+ 38. Ka3 Qe3 39. Qc4 d3 40. Rae1 Qd4 41. Qxd4 Nb5+ 42. Ka4 Nxd4 43. Rg2 Nc2 44. Rd1 Ne3 0-1

[Event "Patrimonio op 2nd"]
[Site "Alcala de Henares"]
[Date "2007.10.10"]
[Round "4"]
[White "Collado Barbas, Laura"]
[Black "Benito Mellado, Humberto"]
[Result "1-0"]
[WhiteElo "1940"]
[BlackElo "1635"]
[PlyCount "89"]
[EventDate "2007.10.07"]
[EventType "swiss"]
[EventRounds "9"]
[EventCountry "ESP"]
[SourceTitle "EXT 2008"]
[Source "ChessBase"]
[SourceDate "2007.11.25"]
[SourceVersion "1"]
[SourceVersionDate "2007.11.25"]
[SourceQuality "1"]

1. d4 d5 2. c4 c6 3. Nf3 Nf6 4. e3 Bf5 5. Qb3 Qb6 6. Nc3 Qxb3 7. axb3 e6 8. c5 Be7 9. b4 0-0 10. b5 Nbd7 11. Be2 Bc2 12. 0-0 Ne4 13. Nxe4 dxe4 14. Ne1 Bb3 15. bxc6 bxc6 16. Ra3 Bd5 17. b4 Rfb8 18. Nc2 e5 19. Bd2 Bf6 20. Rb1 g6 21. Bc3 Bg7 22. Rba1 exd4 23. exd4 Rb7 24. Ne3 Nf6 25. Ra5 Be6 26. b5 cxb5 27. Rxb5 Rxb5 28. Bxb5 Rb8 29. Ba4 Nd5 30. Nxd5 Bxd5 31. Bc2 Ra8 32. Kf1 f5 33. Ra4 Kf7 34. Ke1 h5 35. Rb4 Ke6 36. Ba4 Bh6 37. Ke2 h4 38. Bb5 Bf4 39. g3 Bc7 40. Ra4 hxg3 41. hxg3 a5 42. Ra1 g5 43. Rh1 f4 44. Rh6+ Kf5 45. Bd7+ 1-0